Macroeconomics: (Record no. 9297)

MARC details
000 -LEADER
fixed length control field 00542nam a22001937a 4500
003 - CONTROL NUMBER IDENTIFIER
control field OSt
005 - DATE AND TIME OF LATEST TRANSACTION
control field 20240724114954.0
008 - FIXED-LENGTH DATA ELEMENTS--GENERAL INFORMATION
fixed length control field 240724b |||||||| |||| 00| 0 eng d
020 ## - INTERNATIONAL STANDARD BOOK NUMBER
International Standard Book Number 0130190322
040 ## - CATALOGING SOURCE
Transcribing agency MUST
082 ## - DEWEY DECIMAL CLASSIFICATION NUMBER
Edition number 22
Classification number 339 OSU 2001
100 ## - MAIN ENTRY--PERSONAL NAME
Personal name O'sullivan, Arthur
9 (RLIN) 19007
245 ## - TITLE STATEMENT
Title Macroeconomics:
Remainder of title Principles and tools/
Statement of responsibility, etc. Arthur O'sullivan
260 ## - PUBLICATION, DISTRIBUTION, ETC. (IMPRINT)
Place of publication, distribution, etc. Toronto
Name of publisher, distributor, etc. Prentice Hall
Date of publication, distribution, etc. 2001
300 ## - PHYSICAL DESCRIPTION
Extent xxix, 416p.
Other physical details col. ill.
Dimensions 26cm
504 ## - BIBLIOGRAPHY, ETC. NOTE
Bibliography, etc Glossary and index included
650 ## - SUBJECT ADDED ENTRY--TOPICAL TERM
Source of heading or term Macroeconomics
942 ## - ADDED ENTRY ELEMENTS (KOHA)
Source of classification or shelving scheme Dewey Decimal Classification
Koha item type Open Shelf
Holdings
Withdrawn status Lost status Source of classification or shelving scheme Damaged status Not for loan Home library Current library Date acquired Source of acquisition Inventory number Total Checkouts Full call number Barcode Date last seen Price effective from Koha item type
    Dewey Decimal Classification     MUST Main Library MUST Main Library 24/07/2024 Purchase 05/24137   339 OSU 2001 2024-22200 24/07/2024 24/07/2024 Open Shelf
    Dewey Decimal Classification     MUST Main Library MUST Main Library 24/07/2024 Purchase 05/24136   339 OSU 2001 2024-22201 24/07/2024 24/07/2024 Open Shelf